| 000 | 00736nam a22002417a 4500 | ||
|---|---|---|---|
| 005 | 20240808170543.0 | ||
| 010 | _aENG-139076 ENG-141307 | ||
| 020 |
_a9789388548472(Set of 2 ) _c5495.00 |
||
| 035 | _aEN-122608 | ||
| 035 | _aEN-124839 | ||
| 035 | _aB-513991-996 | ||
| 037 | _bDBAD | ||
| 037 |
_bBSB/Ven _adpl |
||
| 082 | 0 | 4 |
_a346.02954 _223 |
| 100 | 1 |
_aVardhan, R Yashod _d2019 _969789 |
|
| 245 | 1 | 0 |
_aThe Indian Contract &Specific Relief Acts/ _cBy R Yashod Vardhan [and] Chitra Narayan |
| 250 | _a16th | ||
| 260 |
_aHaryana _bLexis Nexis _c2019 |
||
| 300 |
_a2510p. _c25cm(Hb) |
||
| 490 | _vVol 1, Vol 2 | ||
| 600 |
_dR Yashod Vardhan and Chitra Narayan _969790 |
||
| 942 |
_2ddc _cEN _h346.02954 _mVAR _e16th |
||
| 999 |
_c200440 _d200440 |
||